youtubers quiz - Statistieken

Algemene statistieken
  • Deze quiz is 21 keer genomen
  • De gemiddelde score is 2 van 10
Antwoordstatistieken
Foto Hint Antwoord % Correct
EZ it is ... Mr Beast
74%
He Plays Minecraft,Brawl Stars,Fortnite Harm 2
63%
EZ it is ... Dream
53%
Youngest Popular Youtuber Clonny Games
21%
it is ... Mario
11%
Plays Minecraft,Roblox,Fortnite Ssundee
11%
Plays Blox Fruits and Minecraft Koopekool
5%
Previous one Roblox name SenMarines
5%
Befriend with previous one Senpirates
5%
What's This ? You're House if you maked 3 mistakes
0%
Geen overeenkomende quizzen gevonden
Scoreverdeling
Procent van Mensen met Elke Score
Percentiel versus Aantal Correcte Antwoorden
Uw Scoregeschiedenis
U heeft deze quiz nog niet genomen